[Event "Trieste Excelsior Palace op 2nd"]
[Site "Trieste"]
[Date "2018.01.05"]
[Round "6"]
[White "Piunti, Mauro"]
[Black "Poli, Diego"]
[Result "1/2-1/2"]
[WhiteElo "1754"]
[BlackElo "1637"]
[PlyCount "24"]
[EventDate "2018.01.02"]
[EventType "swiss"]
[EventRounds "7"]
[EventCountry "ITA"]
[SourceTitle "CBM 182 Extra"]
[Source "ChessBase"]
[SourceDate "2018.02.23"]
[SourceVersion "1"]
[SourceVersionDate "2018.02.23"]
[SourceQuality "1"]

1. d4 d5 2. c4 e6 3. Nf3 Nf6 4. Nc3 c6 5. e3 Be7 6. Bd3 0-0 7. 0-0 Nbd7 8. e4 dxe4 9. Nxe4 Nxe4 10. Bxe4 Nf6 11. Bc2 Re8 12. Re1 b6 1/2-1/2

[Event "Trieste Excelsior Palace op 2nd"]
[Site "Trieste"]
[Date "2018.01.05"]
[Round "5"]
[White "Rossi, Francesco"]
[Black "Piunti, Mauro"]
[Result "1/2-1/2"]
[WhiteElo "1869"]
[BlackElo "1754"]
[PlyCount "23"]
[EventDate "2018.01.02"]
[EventType "swiss"]
[EventRounds "7"]
[EventCountry "ITA"]
[SourceTitle "CBM 182 Extra"]
[Source "ChessBase"]
[SourceDate "2018.02.23"]
[SourceVersion "1"]
[SourceVersionDate "2018.02.23"]
[SourceQuality "1"]

1. e4 e6 2. d4 d5 3. Nc3 Nf6 4. e5 Nfd7 5. f4 c5 6. Nf3 Nc6 7. Be3 cxd4 8. Nxd4 Bc5 9. Qd2 Nxd4 10. Bxd4 Bxd4 11. Qxd4 Qb6 12. Qxb6 1/2-1/2

[Event "Trieste op-B 7th"]
[Site "Trieste"]
[Date "2005.09.06"]
[Round "5"]
[White "Muradore, Aldo"]
[Black "Piunti, Mauro"]
[Result "0-1"]
[WhiteElo "1523"]
[BlackElo "1712"]
[PlyCount "128"]
[EventDate "2005.09.03"]
[EventType "swiss"]
[EventRounds "9"]
[EventCountry "ITA"]
[SourceTitle "EXT 2023"]
[Source "ChessBase"]
[SourceDate "2022.10.05"]
[SourceVersion "1"]
[SourceVersionDate "2022.10.05"]
[SourceQuality "1"]

1. d4 Nf6 2. c4 d6 3. Nc3 g6 4. e4 Bg7 5. Nf3 0-0 6. Be2 e5 7. d5 a5 8. Bg5 h6 9. Bc1 Na6 10. 0-0 Nc5 11. Nd2 Nh7 12. Na4 Na6 13. Nf3 Bd7 14. b3 f5 15. Nc3 Nc5 16. Nd2 Nf6 17. f3 f4 18. Ba3 Na6 19. Rc1 g5 20. c5 Nb4 21. cxd6 cxd6 22. Nc4 b5 23. Nxd6 Qb6+ 24. Kh1 Qxd6 25. Nxb5 Bxb5 26. Bxb5 Qb6 27. Bc4 Rfd8 28. Bxb4 axb4 29. Rc2 Rd6 30. Qa1 Nd7 31. Qe1 Bf6 32. Rff2 Kh7 33. Rfd2 h5 34. Qc1 Rd8 35. Qf1 Rc8 36. Bb5 Rc5 37. Bc6 Nb8 38. Ba4 Na6 39. Qc1 Rd8 40. Rc4 Be7 41. Rdc2 Bd6 42. Qe1 Rdc8 43. Bc6 Rxc4 44. Rxc4 Rc7 45. h3 Nb8 46. Qc1 Na6 47. g3 Qe3 48. Qxe3 fxe3 49. Bb5 Rxc4 50. Bxc4 Nb8 51. Bb5 Kg7 52. Kg2 Kf6 53. Kf1 Ke7 54. Ke2 Bc5 55. g4 h4 56. d6+ Kxd6 57. Kd3 Bd4 58. Bc4 Nc6 59. Ke2 Ne7 60. Kd3 Ng6 61. Kc2 Nf4 62. Bf1 Bc3 63. a3 Kc5 64. axb4+ Kxb4 0-1

[Event "Trieste op-B 7th"]
[Site "Trieste"]
[Date "2005.09.03"]
[Round "1"]
[White "Piunti, Mauro"]
[Black "Deancovich, Patrizio"]
[Result "1-0"]
[WhiteElo "1712"]
[BlackElo "1452"]
[PlyCount "117"]
[EventDate "2005.09.03"]
[EventType "swiss"]
[EventRounds "9"]
[EventCountry "ITA"]
[SourceTitle "EXT 2023"]
[Source "ChessBase"]
[SourceDate "2022.10.05"]
[SourceVersion "1"]
[SourceVersionDate "2022.10.05"]
[SourceQuality "1"]

1. d4 Nf6 2. Nf3 e6 3. c4 c5 4. d5 d6 5. Nc3 Be7 6. e4 0-0 7. Be2 Bd7 8. 0-0 a6 9. a4 Ne8 10. Bf4 Qc7 11. Qd2 e5 12. Bg3 Qc8 13. Ne1 f5 14. f4 Bf6 15. Bd3 g6 16. Qc2 Ng7 17. a5 Rf7 18. Na4 fxe4 19. Bxe4 Nf5 20. Qd3 Qe8 21. Nb6 Ra7 22. Rb1 Qe7 23. Nf3 Kg7 24. Kh1 Nxg3+ 25. hxg3 Bg4 26. Nh2 Bd7 27. f5 g5 28. g4 Qe8 29. b3 Kf8 30. Qd2 h6 31. Rf3 Rh7 32. Rh3 h5 33. Qe2 h4 34. Qd2 Bc8 35. Nf3 Nd7 36. Na4 Qd8 37. b4 Kg8 38. Kg1 b6 39. axb6 Nxb6 40. Nxb6 Qxb6 41. b5 Rhg7 42. Ne1 Bd7 43. bxa6 Qxa6 44. Rc3 Qa2 45. Rb2 Qa4 46. Rb8+ Kh7 47. Qb2 Qa1 48. Qxa1 Rxa1 49. Kf2 Ra2+ 50. Rc2 Rxc2+ 51. Nxc2 Ba4 52. Rf8 Bb3 53. Rxf6 Kg8 54. Rxd6 Bxc4 55. Rc6 Bb3 56. Rxc5 Rd7 57. Ne3 Kf7 58. Nc4 Bd1 59. Nxe5+ 1-0